Polarita přírody a kultury v teorii a praxi

Riešenie problému príroda verzus kultúra. Vzťah civilizácie a prírody. Charakteristika problémov prírody. Ochranárske aktivity a organizácie. Vývoj zmien termínu príroda. Charakteristika termínu kultúra. Úloha UNESCO.

Guardado en:
Detalles Bibliográficos
Autor principal: Jeník, Jan
Formato: Capítulo de libro
Lenguaje:checo
Materias:
Etiquetas: Agregar Etiqueta
Sin Etiquetas, Sea el primero en etiquetar este registro!

MARC

LEADER 00000naa$a2200000$$$4500
001 0054090
005 20230928075044.7
041 0 |a cze 
044 |a SK 
245 1 0 |a Polarita přírody a kultury v teorii a praxi  |c Jan Jeník 
520 |a Riešenie problému príroda verzus kultúra. Vzťah civilizácie a prírody. Charakteristika problémov prírody. Ochranárske aktivity a organizácie. Vývoj zmien termínu príroda. Charakteristika termínu kultúra. Úloha UNESCO. 
610 2 0 |a ekológia 
610 2 0 |a kultúra 
610 2 0 |a ochrana prírody 
610 2 0 |a príroda 
610 2 0 |a civilizácia 
610 2 0 |a UNESCO 
100 1 |a Jeník, Jan